[Event "Commonwealth-ch"]
[Site "Nagpur"]
[Date "2008.10.06"]
[Round "11"]
[White "Suvrajit, Saha"]
[Black "Jabbar, Abdul"]
[Result "1/2-1/2"]
[WhiteElo "2367"]
[BlackElo "2211"]
[PlyCount "79"]
[EventDate "2008.09.28"]
[EventType "swiss"]
[EventRounds "11"]
[EventCountry "IND"]
[SourceTitle "CBM 126 Extra"]
[Source "ChessBase"]
[SourceDate "2008.11.05"]
[SourceVersion "1"]
[SourceVersionDate "2008.11.05"]
[SourceQuality "1"]

1. d4 d5 2. c4 e6 3. Nc3 Nf6 4. Nf3 c5 5. cxd5 Nxd5 6. e4 Nxc3 7. bxc3 cxd4 8. cxd4 Bb4+ 9. Bd2 Qa5 10. Bxb4 Qxb4+ 11. Qd2 Qxd2+ 12. Kxd2 0-0 13. Bd3 Nc6 14. Rhc1 Rd8 15. Ke3 g6 16. e5 Bd7 17. Rab1 b6 18. Ba6 Rab8 19. Bb5 Ne7 20. a4 Bc8 21. Bd3 Nd5+ 22. Kd2 Bb7 23. Ng5 Nf4 24. g3 Nxd3 25. Kxd3 Rd7 26. Ne4 Bxe4+ 27. Kxe4 Rbd8 28. Rc4 Rd5 29. Rbc1 Kg7 30. R1c3 R8d7 31. f4 Ra5 32. Rb3 Rdd5 33. g4 f5+ 34. exf6+ Kxf6 35. Rc7 g5 36. Rh3 gxf4 37. Rh6+ Kg5 38. Rxe6 Kxg4 39. Rg7+ Rg5 40. Rxh7 1/2-1/2

[Event "Commonwealth-ch"]
[Site "Nagpur"]
[Date "2008.09.29"]
[Round "2"]
[White "Jabbar, Abdul"]
[Black "Sriram, Jha"]
[Result "0-1"]
[WhiteElo "2211"]
[BlackElo "2429"]
[PlyCount "84"]
[EventDate "2008.09.28"]
[EventType "swiss"]
[EventRounds "11"]
[EventCountry "IND"]
[SourceTitle "CBM 126 Extra"]
[Source "ChessBase"]
[SourceDate "2008.11.05"]
[SourceVersion "1"]
[SourceVersionDate "2008.11.05"]
[SourceQuality "1"]

1. e4 c5 2. Nf3 d6 3. b3 Nf6 4. Bb5+ Nc6 5. Qe2 Bd7 6. Bb2 a6 7. Bxc6 Bxc6 8. d3 e6 9. Nbd2 b5 10. h3 Be7 11. Nh2 0-0 12. 0-0 a5 13. c4 a4 14. e5 dxe5 15. Bxe5 Nd7 16. Nhf3 Nxe5 17. Nxe5 Be8 18. Rab1 b4 19. Ndf3 Ra6 20. Rfd1 Rd6 21. Rb2 f6 22. Ng4 Bc6 23. Rbd2 e5 24. Ne3 Qd7 25. Ne1 g6 26. Nf1 Rd8 27. Rb1 a3 28. Rbd1 Bf8 29. Qe3 Re6 30. Nf3 Bb7 31. Ne1 Qc6 32. Qg3 f5 33. Qh4 Rd4 34. Qg5 Be7 35. Qg3 Bh4 36. Qf3 Qc8 37. Qe3 Bf6 38. Nc2 Rd8 39. f4 Rde8 40. Ng3 Qc6 41. fxe5 Bxe5 42. Qf2 Qc7 0-1